000 00624nam a22001937a 4500
999 _c100579
_d100579
005 20181205145203.0
010 _aENG-115330
020 _a9788125062325
_c820.00
035 _aEN-98862
037 _bDBAD/PUB
082 _a954.16
100 _aGautam Bhan
245 _aIn the public's interest :
_bevictions citizenship and inequality in contemporary Delhi /
_cby Gautam Bhan
260 _aNew Delhi
_bOrient BlackSwan
_c2016
270 _a1/24,Asaf Ali Road
_bNew Delhi
_e110002
300 _a290p :
_bill.maps
_c22cm(Hb)
500 _aIncludes references and index
942 _2ddc
_cEN
_mGAU
_h954.16